Photoshop 7 : killertips
| Main Author: | |
|---|---|
| Other Authors: | |
| Format: | Book |
| Published: |
Indianapolis, IN, USA :
New Riders ,
2003
|
| Subjects: |
MARC
| LEADER | 00000cam a2200000 7i4500 | ||
|---|---|---|---|
| 001 | 0000003074 | ||
| 005 | 20040513.0 | ||
| 020 | 0 | 0 | |a 0735713006 |
| 090 | 0 | 0 | |a 006.6869 |b KEL 2003 |
| 100 | 1 | 0 | |a KELBY |h Scott |
| 245 | 1 | 0 | |a Photoshop 7 : |b killertips |c Scott Kelby, Felix Nelson |
| 260 | 0 | 0 | |a Indianapolis, IN, USA : |b New Riders , |c 2003 |
| 300 | |a xix, 213 p. : |b col. ill. ; |c 24 cm. | ||
| 500 | 0 | 0 | |a Includes index |
| 650 | 0 | 0 | |a Adobe Photoshop |
| 650 | 0 | 0 | |a Computer graphics |
| 700 | 0 | 1 | |a Nelson |h Felix |
| 998 | |a JPSM | ||
| 999 | |a 0000005409 |b Monograph |c Open Shelf |e Default branch | ||